Hướng dẫn các hoạt động phát triển thể chất cho trẻ mầm non Theo bộ chuẩn phát triển 5 tuổi

Enregistré dans:
Détails bibliographiques
Auteur principal: Trần, Thị Lan Hương
Format: Livre
Publié: H. Giáo dục Việt Nam 2012
Tags: Ajouter un tag
Pas de tags, Soyez le premier à ajouter un tag!
Thư viện lưu trữ: Trung tâm Học liệu Lê Vũ Hùng, Trường Đại học Đồng Tháp
LEADER 00726pam a22001818a 4500
001 00038392
005 20171026081025.0
008 170515s2012 ||||||Viesd
041 0 # |a Vie 
082 1 4 |a 372.21  |b H561D 
100 1 # |a Trần, Thị Lan Hương 
245 1 0 |a Hướng dẫn các hoạt động phát triển thể chất cho trẻ mầm non  |b Theo bộ chuẩn phát triển 5 tuổi  |c Trần Thị Lan Hương...[và những người khác] 
260 # # |a H.  |b Giáo dục Việt Nam  |c 2012 
300 # # |a 74 tr.  |c 24 cm 
852 # # |b Kho đọc  |j KD.1001477 
910 |d 15/05/2017 
980 # # |a Trung tâm Học liệu Lê Vũ Hùng, Trường Đại học Đồng Tháp